Evolúcia inštitútu vlastníckeho práva v budúcnosti
Vlastníctvo a vlastnícke právo v období transformácie. Zvýšený dôraz na duševné vlastníctvo v európskych aj globálnych súvislostiach informačnej a poznatkovo orientovanej spoločnosti. Liberálny alebo sociálne orientovaný model vlastníctva a vlastníckeho práva. Rozširovanie škály práv a záujmov vstup...
Salvato in:
| Autore principale: | |
|---|---|
| Altri autori: | |
| Natura: | Capitolo di libro |
| Lingua: | slovacco |
| Soggetti: | |
| Tags: |
Nessun Tag, puoi essere il primo ad aggiungerne!!
|
MARC
| LEADER | 00000nla$a2200000$$$4500 | ||
|---|---|---|---|
| 001 | 0080572 | ||
| 005 | 20220330131516.1 | ||
| 041 | 0 | |a slo | |
| 044 | |a SK | ||
| 245 | 1 | 0 | |a Evolúcia inštitútu vlastníckeho práva v budúcnosti |c Ján Švidroň, Jozef Vozár |
| 520 | |a Vlastníctvo a vlastnícke právo v období transformácie. Zvýšený dôraz na duševné vlastníctvo v európskych aj globálnych súvislostiach informačnej a poznatkovo orientovanej spoločnosti. Liberálny alebo sociálne orientovaný model vlastníctva a vlastníckeho práva. Rozširovanie škály práv a záujmov vstupujúcich do antagonizmu. Predmet ochrany podľa ústavno-právneho a medzinárodno-právneho režimu ochrany vlastníckeho práva. Požiadavky a práva obmedzujúce vlastnícke právo. Štandardizácia postupu pri hľadaní bodu rovnováhy medzi vlastníckym právom jednotlivca a verejným záujmom. | ||
| 610 | 2 | 0 | |a právo vlastnícke |
| 610 | 2 | 0 | |a vlastníctvo |
| 610 | 2 | 0 | |a vlastníctvo duševné |
| 610 | 2 | 0 | |a technika |
| 610 | 2 | 0 | |a práva ľudské |
| 100 | 1 | |a Švidroň, Ján | |
| 700 | 1 | |a Vozár, Jozef | |